Central Library OPAC University of Rajshahi

Albania's road to freedom / (Record no. 25490)

MARC details
000 -LEADER
fixed length control field 00667cam a22002291a 4500
001 - CONTROL NUMBER
control field 25490
003 - CONTROL NUMBER IDENTIFIER
rucl marc code BD-RjUL
005 - DATE AND TIME OF LATEST TRANSACTION
control field 20211209050904.0
008 - FIXED-LENGTH DATA ELEMENTS--GENERAL INFORMATION
fixed length control field 140318t1941 enk 000 0 eng u
035 ## - SYSTEM CONTROL NUMBER
System control number (BD-RjUL)25560
040 ## - CATALOGING SOURCE
Transcribing agency OUN
Modifying agency OCL
-- EQO
-- BD-RUL
Original cataloging agency BD-RjUL
Language of cataloging eng
041 ## - LANGUAGE CODE
Language code of text/sound track or separate title eng
082 04 - DEWEY DECIMAL CLASSIFICATION NUMBER
Classification number 949.65
Author mark and year ROA 1941
100 1# - MAIN ENTRY--PERSONAL NAME
Personal name Robinson, Vandeleur.
9 (RLIN) 78401
245 10 - TITLE STATEMENT
Title Albania's road to freedom /
Statement of responsibility, etc. by Vandeleur Robinson.
260 ## - PUBLICATION, DISTRIBUTION, ETC. (IMPRINT)
Place of publication, distribution, etc. London :
Name of publisher, distributor, etc. G. Allen & Unwin ltd,
Date of publication, distribution, etc. 1941.
300 ## - PHYSICAL DESCRIPTION
Pagination 135 p. :
Illustrations ill. (map) plates, 2 ports. (incl. front.) ;
Size 24 cm.
651 #0 - SUBJECT ADDED ENTRY--GEOGRAPHIC NAME
Geographic name Albania.
9 (RLIN) 78402
942 ## - ADDED ENTRY ELEMENTS (KOHA)
Source of classification or shelving scheme Dewey Decimal Classification
Koha item type Books
Holdings
Lost status Source of classification or shelving scheme Damaged status Not for loan Collection code Permanent Location Current Location Shelving location Date acquired Source of acquisition Cost, normal purchase price Total Checkouts Full call number Date last seen Copy number Koha item type
  Dewey Decimal Classification   Added to bundle Non-fiction Central Library, University of Rajshahi Central Library, University of Rajshahi Reading Room 26/11/1966 A.H. QURASHI 10.05   949.65 ROA 1941 18/03/2014 C-1 Books